00632nam a22001937a 4500003000500000005001700005008004100022010001000063011001000073035001000083040000900093100002600102245012000128260004000248300001000288502007700298650003500375650002800410CHAP20220329135714.0971013s1967 r 00010 d a40840 a41812 a45938 cCHAP00aFlores Ysita, Sergio. aComercialización del jitomate (Lycopersicum esculentum Mill) en el Distrito Federal y algunos aspectos nacionales aChapingo, Méx. :bEl autor,c1967 a79 h. aTesis (Maestro en Ciencias Agrícolas) -- ENA. Colegio de Postgraduados14aTomatexAspectos económicos.14aTomatexMéxico (D.F.)